<?xml version="1.0" encoding="UTF-8"?>
<record
    xmlns:xsi="http://www.w3.org/2001/XMLSchema-instance"
    xsi:schemaLocation="http://www.loc.gov/MARC21/slim http://www.loc.gov/standards/marcxml/schema/MARC21slim.xsd"
    xmlns="http://www.loc.gov/MARC21/slim">

  <leader>01469nam a2200265 i 4500</leader>
  <controlfield tag="003">DO-SdBNP</controlfield>
  <controlfield tag="005">20240520093330.0</controlfield>
  <controlfield tag="006">a||||br|||| 00| 0 </controlfield>
  <controlfield tag="007">ta</controlfield>
  <controlfield tag="008">240520e1984    dr aobc| |||| 00| 0 spa d</controlfield>
  <datafield tag="040" ind1=" " ind2=" ">
    <subfield code="a">DO-SdBNP</subfield>
    <subfield code="b">spa</subfield>
    <subfield code="c">BNPHU</subfield>
    <subfield code="e">rda</subfield>
  </datafield>
  <datafield tag="082" ind1=" " ind2="4">
    <subfield code="2">22</subfield>
    <subfield code="b">L793e, 1984</subfield>
  </datafield>
  <datafield tag="100" ind1="1" ind2=" ">
    <subfield code="a">Lluberes, Andrea Mercedes,</subfield>
    <subfield code="9">42865</subfield>
    <subfield code="e">autor</subfield>
  </datafield>
  <datafield tag="245" ind1="1" ind2="0">
    <subfield code="a">Estudios sociales 4&#xBA;:</subfield>
    <subfield code="b">educaci&#xF3;n primaria /</subfield>
    <subfield code="c">Andrea Mercedes Lluberes; dibujos, Juan Soto y Liliana P&#xE9;rez; fotograf&#xED;as, Rafael Rodr&#xED;guez.</subfield>
  </datafield>
  <datafield tag="250" ind1=" " ind2=" ">
    <subfield code="a">4ta edici&#xF3;n.</subfield>
  </datafield>
  <datafield tag="264" ind1=" " ind2="1">
    <subfield code="a">Santo Domingo :</subfield>
    <subfield code="b">Disesa,</subfield>
    <subfield code="c">1984</subfield>
  </datafield>
  <datafield tag="300" ind1=" " ind2=" ">
    <subfield code="a">146 p&#xE1;ginas :</subfield>
    <subfield code="b">ilustraciones, fotograf&#xED;as, mapas, retratos ;</subfield>
    <subfield code="c">26 cm.</subfield>
  </datafield>
  <datafield tag="336" ind1=" " ind2=" ">
    <subfield code="2">rdacontent</subfield>
    <subfield code="a">texto</subfield>
    <subfield code="b">txt</subfield>
  </datafield>
  <datafield tag="337" ind1=" " ind2=" ">
    <subfield code="2">rdamedia</subfield>
    <subfield code="a">sin mediaci&#xF3;n</subfield>
    <subfield code="b">n</subfield>
  </datafield>
  <datafield tag="338" ind1=" " ind2=" ">
    <subfield code="2">rdacarrier</subfield>
    <subfield code="a">volumen</subfield>
    <subfield code="b">nc</subfield>
  </datafield>
  <datafield tag="500" ind1=" " ind2=" ">
    <subfield code="a">Este libro ha sido aprobado y recomendado por la Secretar&#xED;a de Estado de Educaci&#xF3;n, Bellas Artes y cultos, mediante oficio No. 189 de fecha 29 de diciembre de 1982, para ser usado como texto b&#xE1;sico para el 4to. Curso de la Educaci&#xF3;n Primaria.</subfield>
  </datafield>
  <datafield tag="505" ind1=" " ind2=" ">
    <subfield code="a">Unidad I: La Tierra, Nuestro Planeta.-- Unidad 2: La Rep&#xFA;blica Dominicana y sus caracter&#xED;sticas Econ&#xF3;micas.-- Unidad 3: La Vida en Santo Domingo Durante el Descubrimiento. Conquista y colonizaci&#xF3;n.-- Unidad 4: Nacimiento, Formaci&#xF3;n y Evoluci&#xF3;n de Nuestra patria.-- Unidad 5: Seamos Buenos Dominicanos.-- Unidad 6: Actividades del Hombre.</subfield>
  </datafield>
  <datafield tag="590" ind1=" " ind2=" ">
    <subfield code="a">Inventariado 2024 / MF</subfield>
  </datafield>
  <datafield tag="942" ind1=" " ind2=" ">
    <subfield code="2">ddc</subfield>
    <subfield code="c">LBS1</subfield>
  </datafield>
  <datafield tag="952" ind1=" " ind2=" ">
    <subfield code="0">0</subfield>
    <subfield code="1">0</subfield>
    <subfield code="2">ddc</subfield>
    <subfield code="5">1</subfield>
    <subfield code="7">0</subfield>
    <subfield code="8">PD</subfield>
    <subfield code="a">BNPHU</subfield>
    <subfield code="b">BNPHU</subfield>
    <subfield code="c">CT</subfield>
    <subfield code="d">2023-05-20</subfield>
    <subfield code="e">Perteneci&#xF3; a la biblioteca personal de Germ&#xE1;n Emilio Ornes / Presidencia de la Rep&#xFA;blica Dominicana</subfield>
    <subfield code="l">0</subfield>
    <subfield code="o">L793e</subfield>
    <subfield code="p">2024-3039</subfield>
    <subfield code="r">2024-05-20</subfield>
    <subfield code="w">2024-05-20</subfield>
    <subfield code="y">LBS1</subfield>
  </datafield>
  <datafield tag="999" ind1=" " ind2=" ">
    <subfield code="c">56697</subfield>
    <subfield code="d">56697</subfield>
  </datafield>
</record>
